[Event "Stuttgart-chA int"]
[Site "Gerlingen"]
[Date "2011.06.04"]
[Round "6"]
[White "Juettner, Andreas"]
[Black "Kreiter, Thomas"]
[Result "1/2-1/2"]
[WhiteElo "2096"]
[BlackElo "1962"]
[PlyCount "58"]
[EventDate "2011.06.02"]
[EventType "swiss"]
[EventRounds "7"]
[EventCountry "GER"]
[SourceTitle "EXT 2018"]
[Source "ChessBase"]
[SourceDate "2017.10.13"]
[SourceVersion "1"]
[SourceVersionDate "2017.10.13"]
[SourceQuality "1"]

1. c4 Nf6 2. g3 g6 3. Bg2 Bg7 4. Nc3 d6 5. d3 0-0 6. Bg5 h6 7. Bd2 Re8 8. e4 Nc6 9. Nge2 e5 10. 0-0 Nh7 11. Rb1 a5 12. Nd5 f5 13. exf5 Bxf5 14. Be3 Nf6 15. Nxf6+ Qxf6 16. Nc3 Kh7 17. a3 Nd8 18. Nd5 Qf7 19. Qd2 c6 20. Nb6 Ra6 21. h3 g5 22. g4 Bg6 23. h4 gxh4 24. f4 exf4 25. Rxf4 Qe6 26. Be4 Bxe4 27. Rxe4 Qg6 28. Rxe8 Qxe8 29. Re1 Qg6 1/2-1/2

[Event "Stuttgart-chA int"]
[Site "Gerlingen"]
[Date "2011.06.04"]
[Round "7"]
[White "Kreiter, Thomas"]
[Black "Osmanovic, Faruk"]
[Result "1/2-1/2"]
[WhiteElo "1962"]
[BlackElo "2093"]
[PlyCount "43"]
[EventDate "2011.06.02"]
[EventType "swiss"]
[EventRounds "7"]
[EventCountry "GER"]
[SourceTitle "EXT 2018"]
[Source "ChessBase"]
[SourceDate "2017.10.13"]
[SourceVersion "1"]
[SourceVersionDate "2017.10.13"]
[SourceQuality "1"]

1. d4 Nf6 2. Nf3 e6 3. Nbd2 d5 4. e3 Bd6 5. Bd3 Nbd7 6. h3 0-0 7. 0-0 e5 8. dxe5 Nxe5 9. Nxe5 Bxe5 10. Nf3 Bd6 11. b3 Be6 12. Bb2 Nd7 13. e4 c6 14. Re1 Nc5 15. exd5 Bxd5 16. Kh1 Kh8 17. c4 Bxf3 18. Qxf3 Nxd3 19. Qxd3 Bb4 20. Re3 Bc5 21. Qc3 f6 22. Re2 1/2-1/2

[Event "Stuttgart-chA int"]
[Site "Ditzingen"]
[Date "2010.05.14"]
[Round "4"]
[White "Pietzka, Martin"]
[Black "Kreiter, Thomas"]
[Result "1/2-1/2"]
[WhiteElo "1860"]
[BlackElo "1935"]
[PlyCount "81"]
[EventDate "2010.05.13"]
[EventType "swiss"]
[EventRounds "7"]
[EventCountry "GER"]
[SourceTitle "EXT 2018"]
[Source "ChessBase"]
[SourceDate "2017.10.13"]
[SourceVersion "1"]
[SourceVersionDate "2017.10.13"]
[SourceQuality "1"]

1. e4 c5 2. Nf3 Nc6 3. d4 cxd4 4. Nxd4 e5 5. Nb5 d6 6. N1c3 a6 7. Na3 Be7 8. Nd5 Nf6 9. Nxf6+ Bxf6 10. c3 Be6 11. Bc4 0-0 12. 0-0 Qe7 13. Bd5 Rad8 14. Nc2 Bg5 15. Qh5 Bxc1 16. Raxc1 Bxd5 17. exd5 Nb8 18. Ne3 g6 19. Qh6 f5 20. f4 Nd7 21. h4 Nf6 22. Rce1 e4 23. Qg5 Qg7 24. Qg3 Kh8 25. Qf2 Nd7 26. Qg3 Nc5 27. Nc2 Qf7 28. c4 Nd3 29. Nd4 Nxe1 30. Rxe1 Rfe8 31. Qg5 Rc8 32. b3 Re7 33. h5 Rg8 34. h6 Rge8 35. Re3 Rc8 36. a4 Ree8 37. Kh2 Qe7 38. Qxe7 Rxe7 39. Kh3 Kg8 40. Kh4 Kf7 41. g3 1/2-1/2

[Event "Staufer op 22nd"]
[Site "Schwaebisch Gmuend"]
[Date "2010.01.02"]
[Round "1"]
[White "Kreiter, Thomas"]
[Black "Postoev Birkenberg, Alexander"]
[Result "0-1"]
[WhiteElo "1881"]
[BlackElo "2343"]
[PlyCount "78"]
[EventDate "2010.01.02"]
[EventType "swiss"]
[EventRounds "9"]
[EventCountry "GER"]
[SourceTitle "CBM 134 Extra"]
[Source "ChessBase"]
[SourceDate "2010.03.03"]
[SourceVersion "1"]
[SourceVersionDate "2010.03.03"]
[SourceQuality "1"]

1. d4 Nf6 2. Nf3 e6 3. e3 b6 4. Nbd2 Bb7 5. c4 c5 6. b3 Be7 7. Bb2 d6 8. Be2 Nbd7 9. 0-0 0-0 10. Qc2 Rc8 11. Rac1 cxd4 12. Nxd4 a6 13. Rfd1 Qc7 14. Bf3 Bxf3 15. N2xf3 Rfe8 16. a3 Bf8 17. b4 e5 18. Ne2 b5 19. Nd2 Nb6 20. c5 dxc5 21. bxc5 Qxc5 22. Qf5 Qd5 23. Nc4 Nxc4 24. Rxd5 Nxd5 25. Bxe5 g6 26. Qh3 Bxa3 27. Rd1 Nxe5 28. Rxd5 Rc2 29. Kf1 b4 30. Nd4 Rd2 31. Qg3 Rc8 32. Ke1 Rb2 33. Ne2 b3 34. f4 Bb4+ 35. Kf2 Rb1 36. Qh3 Be1+ 37. Kf1 Bg3+ 38. Nc1 Rcxc1+ 39. Ke2 Re1+ 0-1

[Event "Gausdal op-B"]
[Site "Gausdal"]
[Date "2008.04.13"]
[Round "6"]
[White "Kreiter, Thomas"]
[Black "Fant, Goran"]
[Result "1-0"]
[WhiteElo "1743"]
[BlackElo "1920"]
[PlyCount "73"]
[EventDate "2008.04.08"]
[EventType "swiss"]
[EventRounds "9"]
[EventCountry "NOR"]
[SourceTitle "CBM 123 Extra"]
[Source "ChessBase"]
[SourceDate "2008.05.06"]
[SourceVersion "1"]
[SourceVersionDate "2008.05.06"]
[SourceQuality "1"]

1. Nf3 c5 2. c4 Nc6 3. Nc3 g6 4. g3 Bg7 5. Bg2 d6 6. d3 e6 7. 0-0 Nge7 8. a3 h5 9. h4 Nf5 10. Nd2 Be5 11. Nf3 Bg7 12. Ne4 Qe7 13. Rb1 a5 14. Bg5 f6 15. Bd2 Bd7 16. b4 axb4 17. axb4 cxb4 18. Qc1 b6 19. Bf4 d5 20. Ned2 e5 21. cxd5 Ncd4 22. Qd1 exf4 23. Nxd4 Nxd4 24. d6 Qd8 25. Bxa8 Qxa8 26. Ne4 f5 27. Ng5 Ba4 28. Qd2 b3 29. gxf4 0-0 30. e3 Nf3+ 31. Nxf3 Qxf3 32. Qb4 Qg4+ 33. Kh2 Qxh4+ 34. Kg1 b5 35. Rfc1 b2 36. Rc7 Qg4+ 37. Kf1 1-0

[Event "Gausdal op-B"]
[Site "Gausdal"]
[Date "2008.04.08"]
[Round "1"]
[White "Henderikse, Bert"]
[Black "Kreiter, Thomas"]
[Result "1-0"]
[WhiteElo "2002"]
[BlackElo "1743"]
[PlyCount "61"]
[EventDate "2008.04.08"]
[EventType "swiss"]
[EventRounds "9"]
[EventCountry "NOR"]
[SourceTitle "CBM 123 Extra"]
[Source "ChessBase"]
[SourceDate "2008.05.06"]
[SourceVersion "1"]
[SourceVersionDate "2008.05.06"]
[SourceQuality "1"]

1. d4 d5 2. Nf3 Nf6 3. c4 dxc4 4. e3 e6 5. Bxc4 c5 6. 0-0 a6 7. a4 Nc6 8. Qe2 Qc7 9. Nc3 Bd6 10. Rd1 0-0 11. h3 b6 12. d5 exd5 13. Bxd5 Bb7 14. e4 Rae8 15. Be3 Nd8 16. Bxb7 Nxb7 17. Qxa6 Qc6 18. Nd5 Nd7 19. Nd2 Ra8 20. Qb5 Qxb5 21. axb5 Na5 22. b4 Nb7 23. Nc4 cxb4 24. Rxa8 Rxa8 25. Nxd6 Nxd6 26. Nxb4 Ra4 27. Rxd6 Rxb4 28. Rxd7 h6 29. Rd8+ Kh7 30. Rd5 Rxe4 31. Bxb6 1-0

[Event "Hastings Masters op 83rd"]
[Site "Hastings"]
[Date "2008.01.06"]
[Round "10"]
[White "MacRae, James"]
[Black "Kreiter, Thomas"]
[Result "0-1"]
[WhiteElo "1766"]
[BlackElo "1749"]
[PlyCount "49"]
[EventDate "2007.12.28"]
[EventType "swiss"]
[EventRounds "10"]
[EventCountry "ENG"]
[SourceTitle "CBM 122 Extra"]
[Source "ChessBase"]
[SourceDate "2008.03.04"]
[SourceVersion "1"]
[SourceVersionDate "2008.03.04"]
[SourceQuality "1"]

1. d4 d5 2. Nf3 c5 3. Bg5 Nc6 4. Nc3 h6 5. Be3 Bf5 6. g3 e6 7. dxc5 Nf6 8. Nd4 Nxd4 9. Bxd4 Rc8 10. e3 a6 11. b4 Be7 12. Bd3 Bxd3 13. Qxd3 Qc7 14. f4 Rg8 15. Be5 Qc6 16. Bd4 Nd7 17. a4 Qc7 18. a5 Nb8 19. Na4 Nc6 20. Bc3 Rd8 21. Ke2 d4 22. Bd2 dxe3 23. Qxe3 g5 24. Raf1 gxf4 25. Qxf4 0-1

[Event "Hastings Masters op 83rd"]
[Site "Hastings"]
[Date "2008.01.02"]
[Round "6"]
[White "Fryer, David W"]
[Black "Kreiter, Thomas"]
[Result "1-0"]
[WhiteElo "2065"]
[BlackElo "1749"]
[PlyCount "83"]
[EventDate "2007.12.28"]
[EventType "swiss"]
[EventRounds "10"]
[EventCountry "ENG"]
[SourceTitle "CBM 122 Extra"]
[Source "ChessBase"]
[SourceDate "2008.03.04"]
[SourceVersion "1"]
[SourceVersionDate "2008.03.04"]
[SourceQuality "1"]

1. e4 c5 2. Nc3 Nc6 3. g3 g6 4. Bg2 Bg7 5. d3 d6 6. Be3 Rb8 7. Qd2 b5 8. Nge2 b4 9. Nd1 Nd4 10. 0-0 e6 11. Nc1 a5 12. f4 Ne7 13. c3 bxc3 14. bxc3 Ndc6 15. g4 f5 16. gxf5 exf5 17. e5 dxe5 18. Bxc5 e4 19. Qe1 Ba6 20. Rf2 Qd5 21. Bxe7 Nxe7 22. dxe4 fxe4 23. Bxe4 Qe6 24. Nb3 Rc8 25. Qe3 a4 26. Nd4 Qb6 27. Rb1 Qa7 28. Bc6+ Rxc6 29. Nxc6 Qxe3 30. Nxe3 Nxc6 31. Rb6 Bd3 32. Rxc6 0-0 33. Rd6 Be4 34. c4 Rc8 35. Rfd2 Bf8 36. Rd8 Rc7 37. R2d4 Re7 38. Nd5 Bxd5 39. cxd5 Ra7 40. d6 Ra6 41. Rxf8+ Kxf8 42. d7 1-0

[Event "Hastings Masters op 83rd"]
[Site "Hastings"]
[Date "2007.12.31"]
[Round "4"]
[White "Kreiter, Thomas"]
[Black "Pickersgill, Adrian"]
[Result "1/2-1/2"]
[WhiteElo "1749"]
[BlackElo "2088"]
[PlyCount "56"]
[EventDate "2007.12.28"]
[EventType "swiss"]
[EventRounds "10"]
[EventCountry "ENG"]
[SourceTitle "CBM 122 Extra"]
[Source "ChessBase"]
[SourceDate "2008.03.04"]
[SourceVersion "1"]
[SourceVersionDate "2008.03.04"]
[SourceQuality "1"]

1. d4 d5 2. Nf3 Nc6 3. c4 Bg4 4. cxd5 Bxf3 5. gxf3 Qxd5 6. e3 e5 7. Nc3 Bb4 8. Bd2 Bxc3 9. bxc3 Qd6 10. Bg2 Nge7 11. Rb1 b6 12. f4 exf4 13. e4 0-0-0 14. Qf3 g5 15. 0-0 h5 16. e5 Qg6 17. Rfe1 Nd5 18. Qe4 Qxe4 19. Bxe4 Nde7 20. Rbd1 h4 21. Bg2 h3 22. Bf3 Rh4 23. Be4 Kb8 24. Bc1 Nd5 25. Bd2 Na5 26. Bd3 Nc6 27. Be4 Nde7 28. Bc1 Nd5 1/2-1/2

[Event "Stuttgart-chB int"]
[Site "Gerlingen"]
[Date "2007.05.19"]
[Round "6"]
[White "Kreiter, Thomas"]
[Black "Lin, Jean Claude"]
[Result "1-0"]
[WhiteElo "1727"]
[BlackElo "1383"]
[PlyCount "57"]
[EventDate "2007.05.17"]
[EventType "swiss"]
[EventRounds "7"]
[EventCountry "GER"]
[SourceTitle "EXT 2018"]
[Source "ChessBase"]
[SourceDate "2017.10.13"]
[SourceVersion "1"]
[SourceVersionDate "2017.10.13"]
[SourceQuality "1"]

1. e4 c5 2. Nf3 d6 3. d4 cxd4 4. Qxd4 Nc6 5. Bb5 Bd7 6. Bxc6 Bxc6 7. c4 h6 8. Nc3 Nf6 9. 0-0 Qc7 10. Re1 0-0-0 11. Qxa7 Kd7 12. Qd4 Kc8 13. Bd2 e5 14. Qd3 Be7 15. Rac1 g5 16. Nd5 Nxd5 17. cxd5 Kd7 18. dxc6+ bxc6 19. Nxe5+ Ke8 20. Nxc6 Qd7 21. Nxd8 Bxd8 22. Bb4 Be7 23. e5 dxe5 24. Qxd7+ Kxd7 25. Bxe7 Kxe7 26. Rxe5+ Kf6 27. Rec5 Kg6 28. Rc8 Rh7 29. a4 1-0

[Event "GER-ch U12"]
[Site "Willingen"]
[Date "2006.06.09"]
[Round "11"]
[White "Lindner, Sebastian"]
[Black "Kreiter, Thomas"]
[Result "0-1"]
[WhiteElo "1496"]
[BlackElo "1561"]
[PlyCount "34"]
[EventDate "2006.06.03"]
[EventType "swiss"]
[EventRounds "11"]
[EventCountry "GER"]
[SourceTitle "EXT 2007"]
[Source "ChessBase"]
[SourceDate "2006.11.23"]
[SourceVersion "1"]
[SourceVersionDate "2006.11.23"]
[SourceQuality "1"]

1. d4 Nf6 2. c4 c5 3. Nf3 cxd4 4. Nxd4 e5 5. Nb5 d5 6. cxd5 Bc5 7. Qc2 Qb6 8. e3 0-0 9. N1c3 Rd8 10. Bc4 Na6 11. Qe2 Nc7 12. e4 Ng4 13. 0-0 Qg6 14. Kh1 f5 15. f3 Nxh2 16. Rd1 Qh5 17. Be3 Nxf3# 0-1

[Event "GER-ch U12"]
[Site "Willingen"]
[Date "2006.06.07"]
[Round "7"]
[White "Volz, Daniel"]
[Black "Kreiter, Thomas"]
[Result "0-1"]
[WhiteElo "1455"]
[BlackElo "1561"]
[PlyCount "64"]
[EventDate "2006.06.03"]
[EventType "swiss"]
[EventRounds "11"]
[EventCountry "GER"]
[SourceTitle "EXT 2007"]
[Source "ChessBase"]
[SourceDate "2006.11.23"]
[SourceVersion "1"]
[SourceVersionDate "2006.11.23"]
[SourceQuality "1"]

1. e4 c5 2. Nf3 e6 3. d4 cxd4 4. Nxd4 Nf6 5. Nc3 Nc6 6. Be3 Bb4 7. Nxc6 bxc6 8. f3 d5 9. exd5 cxd5 10. Bd4 0-0 11. a3 Be7 12. Be2 Qc7 13. Qd2 a6 14. 0-0-0 e5 15. Bf2 d4 16. Na2 Be6 17. Kb1 Rab8 18. Ka1 Qb7 19. Rb1 Nd7 20. g4 Nc5 21. h4 Qd5 22. b3 Qb7 23. g5 Bxb3 24. cxb3 Nxb3+ 25. Rxb3 Qxb3 26. Bd3 Qxa3 27. g6 Bb4 28. gxh7+ Kh8 29. Qb2 Bc3 30. Qxc3 dxc3 31. Rb1 Rxb1+ 32. Kxb1 Qb2# 0-1

[Event "GER-ch U12"]
[Site "Willingen"]
[Date "2006.06.04"]
[Round "3"]
[White "Kaphle, Sebastian"]
[Black "Kreiter, Thomas"]
[Result "1-0"]
[WhiteElo "2064"]
[BlackElo "1561"]
[PlyCount "71"]
[EventDate "2006.06.03"]
[EventType "swiss"]
[EventRounds "11"]
[EventCountry "GER"]
[SourceTitle "EXT 2007"]
[Source "ChessBase"]
[SourceDate "2006.11.23"]
[SourceVersion "1"]
[SourceVersionDate "2006.11.23"]
[SourceQuality "1"]

1. e4 c5 2. Nf3 d6 3. d4 cxd4 4. Nxd4 Nf6 5. Nc3 a6 6. f3 e5 7. Nb3 Be6 8. Be3 Nbd7 9. Qd2 b5 10. 0-0-0 Be7 11. g4 Rc8 12. Rg1 0-0 13. g5 Nh5 14. Nd5 Bxd5 15. exd5 Qc7 16. Bh3 g6 17. Na5 Rce8 18. Bxd7 Qxd7 19. Nc6 Rc8 20. f4 exf4 21. Bxf4 Nxf4 22. Qxf4 f6 23. Rde1 Bd8 24. Rgf1 f5 25. Re2 Re8 26. Rfe1 Rxe2 27. Rxe2 Rxc6 28. dxc6 Qxc6 29. Qe3 Kf7 30. h4 Qh1+ 31. Re1 Qc6 32. Kb1 Qd7 33. Qb3+ Kf8 34. Qd5 Be7 35. Qa8+ Qd8 36. Qxa6 1-0

[Event "GER-ch U12"]
[Site "Willingen"]
[Date "2006.06.04"]
[Round "2"]
[White "Kreiter, Thomas"]
[Black "Stoevesand, Eric"]
[Result "1-0"]
[WhiteElo "1561"]
[BlackElo "1244"]
[PlyCount "125"]
[EventDate "2006.06.03"]
[EventType "swiss"]
[EventRounds "11"]
[EventCountry "GER"]
[SourceTitle "EXT 2007"]
[Source "ChessBase"]
[SourceDate "2006.11.23"]
[SourceVersion "1"]
[SourceVersionDate "2006.11.23"]
[SourceQuality "1"]

1. e4 e5 2. Nf3 Nc6 3. Bb5 a6 4. Bxc6 dxc6 5. d4 exd4 6. Qxd4 Qf6 7. Bg5 Qxd4 8. Nxd4 f6 9. Be3 Bd6 10. Nc3 Ne7 11. 0-0 Bd7 12. Nb3 b6 13. Rfe1 g5 14. Bd4 Be5 15. Bxe5 fxe5 16. Rad1 0-0-0 17. Nd2 Rdf8 18. Nc4 Ng6 19. g3 h5 20. b3 h4 21. Rd2 Bh3 22. Ne3 Rhg8 23. a4 Rf7 24. Ncd1 Rfg7 25. Nf5 Nf4 26. Nxg7 Rxg7 27. f3 Ne6 28. Nf2 g4 29. Nxh3 gxh3 30. Kf2 hxg3+ 31. hxg3 Rf7 32. c3 Ng5 33. Rd3 Kb7 34. g4 Ne6 35. Red1 Nc5 36. Re3 Ne6 37. Rd2 Rh7 38. Re1 Nf4 39. Kg1 Rh8 40. Red1 Rh6 41. Kh2 Ne6 42. Rd7 Kc8 43. Rf7 Ng5 44. Rf5 Rg6 45. Rf1 Ne6 46. Rxe5 Nc5 47. Kxh3 Nxb3 48. f4 Nc5 49. f5 Rg7 50. f6 Rf7 51. Rxc5 bxc5 52. g5 Rh7+ 53. Kg4 Kd7 54. g6 Rh6 55. Kg5 Rh8 56. g7 Rg8 57. Kg6 Ke6 58. f7 Rc8 59. f8Q Rxf8 60. gxf8Q c4 61. Qe8+ Kd6 62. Rf6+ Kc5 63. Qxc6# 1-0

[Event "Stuttgart-chB int"]
[Site "Ditzingen"]
[Date "2006.05.27"]
[Round "5"]
[White "Kreiter, Thomas"]
[Black "Zerweck, Christoph"]
[Result "1/2-1/2"]
[WhiteElo "1561"]
[BlackElo "1781"]
[PlyCount "78"]
[EventDate "2006.05.25"]
[EventType "swiss"]
[EventRounds "7"]
[EventCountry "GER"]
[SourceTitle "EXT 2018"]
[Source "ChessBase"]
[SourceDate "2017.10.13"]
[SourceVersion "1"]
[SourceVersionDate "2017.10.13"]
[SourceQuality "1"]

1. e4 c5 2. Nf3 Nc6 3. d4 cxd4 4. Nxd4 Nf6 5. Nc3 e5 6. Nxc6 bxc6 7. Bd3 d5 8. 0-0 Be7 9. a3 0-0 10. Re1 Qc7 11. Bd2 Rb8 12. Rb1 Bd7 13. Qc1 Rfe8 14. f3 Be6 15. f4 Bc5+ 16. Kh1 Ng4 17. Nd1 dxe4 18. Bxe4 Rbd8 19. h3 Nf6 20. Bd3 e4 21. Bxe4 Nxe4 22. Rxe4 Bd5 23. Rxe8+ Rxe8 24. Nc3 Be6 25. Qf1 Qd7 26. Rd1 Qc8 27. Ne4 Be7 28. Nf2 Bd5 29. Ng4 Bc5 30. Kh2 Qf5 31. c3 Qc2 32. b4 Bb6 33. Re1 Ra8 34. Qe2 h6 35. Ne3 Qa2 36. Nxd5 Qxd5 37. Bc1 Qb3 38. Qb2 Qc4 39. Qc2 Bc7 1/2-1/2

[Event "Stuttgart-chB int"]
[Site "Ditzingen"]
[Date "2006.05.27"]
[Round "6"]
[White "Philippin, Otto"]
[Black "Kreiter, Thomas"]
[Result "1-0"]
[WhiteElo "1752"]
[BlackElo "1561"]
[PlyCount "43"]
[EventDate "2006.05.25"]
[EventType "swiss"]
[EventRounds "7"]
[EventCountry "GER"]
[SourceTitle "EXT 2018"]
[Source "ChessBase"]
[SourceDate "2017.10.13"]
[SourceVersion "1"]
[SourceVersionDate "2017.10.13"]
[SourceQuality "1"]

1. f4 Nc6 2. Nf3 d6 3. e3 e5 4. fxe5 Nxe5 5. Be2 Nf6 6. 0-0 Bg4 7. b3 Be7 8. Bb2 Ng6 9. Nd4 Bxe2 10. Qxe2 Ne5 11. Nf5 Bf8 12. d4 Ned7 13. e4 Ng8 14. c4 Ne7 15. Ng3 Nc6 16. Qf2 f6 17. Nc3 Be7 18. Nf5 0-0 19. Qg3 g6 20. Nd5 Rc8 21. Nf4 Qe8 22. Ne6 1-0

[Event "GER-ch U12"]
[Site "Willingen"]
[Date "2005.05.18"]
[Round "7"]
[White "Kreiter, Thomas"]
[Black "Weber, Raphael"]
[Result "0-1"]
[WhiteElo "1312"]
[BlackElo "1721"]
[PlyCount "66"]
[EventDate "2005.05.14"]
[EventType "swiss"]
[EventRounds "11"]
[EventCountry "GER"]
[SourceTitle "CBM 106 Extra"]
[Source "ChessBase"]
[SourceDate "2005.07.01"]
[SourceVersion "1"]
[SourceVersionDate "2005.07.01"]
[SourceQuality "1"]

1. e4 e5 2. f4 Bc5 3. Nf3 d6 4. Nc3 Nf6 5. Bc4 0-0 6. d4 exd4 7. Nxd4 Re8 8. Qd3 d5 9. Nde2 dxc4 10. Qxc4 Bb6 11. e5 Be6 12. Qd3 Qxd3 13. cxd3 Ng4 14. Ne4 Nc6 15. h3 Ne3 16. Bxe3 Bxe3 17. a3 Nd4 18. Nxd4 Bxd4 19. Rb1 Bd5 20. g4 f6 21. exf6 Bxe4 22. dxe4 Rxe4+ 23. Kd2 Bxf6 24. Rhf1 Rd8+ 25. Kc2 Re2+ 26. Kb3 Rdd2 27. Rfc1 Rxb2+ 28. Rxb2 Rxb2+ 29. Kc4 Rh2 30. Kb4 Be7+ 31. Ka4 c6 32. Re1 Kf7 33. Re3 Ra2 0-1

[Event "GER-ch U12"]
[Site "Willingen"]
[Date "2005.05.16"]
[Round "5"]
[White "Kreiter, Thomas"]
[Black "Wolf, Isaak"]
[Result "1-0"]
[WhiteElo "1312"]
[BlackElo "1470"]
[PlyCount "57"]
[EventDate "2005.05.14"]
[EventType "swiss"]
[EventRounds "11"]
[EventCountry "GER"]
[SourceTitle "CBM 106 Extra"]
[Source "ChessBase"]
[SourceDate "2005.07.01"]
[SourceVersion "1"]
[SourceVersionDate "2005.07.01"]
[SourceQuality "1"]

1. e4 d5 2. exd5 Qxd5 3. Nc3 Qa5 4. Nf3 Bg4 5. h3 Bxf3 6. Qxf3 c6 7. Bc4 e6 8. d3 Nf6 9. Bg5 Nbd7 10. Bf4 Bb4 11. Bd2 0-0 12. 0-0 Qc7 13. a3 Bd6 14. Ne4 Nxe4 15. Qxe4 Nf6 16. Qf3 Be5 17. c3 Nd5 18. d4 Bd6 19. Rfe1 Rfd8 20. Re4 Nf6 21. Rh4 Be7 22. Bf4 Qd7 23. Re1 Nd5 24. Rg4 Nxf4 25. Qxf4 g6 26. Re3 h5 27. Rxg6+ fxg6 28. Bxe6+ Qxe6 29. Rxe6 1-0

[Event "GER-ch U12"]
[Site "Willingen"]
[Date "2005.05.15"]
[Round "2"]
[White "Wittke, Rene"]
[Black "Kreiter, Thomas"]
[Result "1-0"]
[WhiteElo "1612"]
[BlackElo "1312"]
[PlyCount "45"]
[EventDate "2005.05.14"]
[EventType "swiss"]
[EventRounds "11"]
[EventCountry "GER"]
[SourceTitle "CBM 106 Extra"]
[Source "ChessBase"]
[SourceDate "2005.07.01"]
[SourceVersion "1"]
[SourceVersionDate "2005.07.01"]
[SourceQuality "1"]

1. e4 e5 2. Bc4 Nf6 3. d3 Nc6 4. Nc3 Bc5 5. f4 exf4 6. Bxf4 d6 7. Nf3 Bg4 8. h3 Be6 9. Bb3 Nh5 10. Bh2 Qf6 11. Qd2 Bxh3 12. gxh3 Qxf3 13. Rf1 Qxh3 14. Bxf7+ Kd7 15. Qg5 Qxh2 16. Bxh5 Qe5 17. Rf5 Qh2 18. Rf7+ Kc8 19. Qxg7 Qh4+ 20. Kd2 Qh2+ 21. Be2 Bb6 22. Qxh8+ Nd8 23. Qxh7 1-0

[Event "Wuerttemberg-ch U12"]
[Site "Friedrichshafen"]
[Date "2005.04.02"]
[Round "7"]
[White "Kreiter, Thomas"]
[Black "Stitterich, Nadine"]
[Result "1/2-1/2"]
[WhiteElo "1116"]
[BlackElo "1385"]
[PlyCount "45"]
[EventDate "2005.03.29"]
[EventType "swiss"]
[EventRounds "7"]
[EventCountry "GER"]
[SourceTitle "EXT 2007"]
[Source "ChessBase"]
[SourceDate "2006.11.23"]
[SourceVersion "1"]
[SourceVersionDate "2006.11.23"]
[SourceQuality "1"]

1. e4 e5 2. f4 d6 3. Nf3 Nc6 4. Nc3 Nf6 5. Bc4 Be7 6. d3 0-0 7. f5 Na5 8. Bb3 Nxb3 9. axb3 a6 10. 0-0 Re8 11. Bg5 c6 12. Re1 Nd7 13. Qd2 Bxg5 14. Qxg5 Qxg5 15. Nxg5 Nb6 16. Nf3 f6 17. h3 d5 18. Na4 Nd7 19. Nc3 d4 20. Ne2 c5 21. Ng3 g6 22. Nh4 Nf8 23. Kf2 1/2-1/2

[Event "Wuerttemberg-ch U12"]
[Site "Friedrichshafen"]
[Date "2005.03.31"]
[Round "5"]
[White "Kreiter, Thomas"]
[Black "Fischerkeller, Johannes"]
[Result "1-0"]
[WhiteElo "1116"]
[BlackElo "1339"]
[PlyCount "89"]
[EventDate "2005.03.29"]
[EventType "swiss"]
[EventRounds "7"]
[EventCountry "GER"]
[SourceTitle "EXT 2007"]
[Source "ChessBase"]
[SourceDate "2006.11.23"]
[SourceVersion "1"]
[SourceVersionDate "2006.11.23"]
[SourceQuality "1"]

1. e4 e5 2. f4 d6 3. Nf3 Nd7 4. Nc3 Be7 5. Bc4 Ngf6 6. d4 exd4 7. Qxd4 0-0 8. 0-0 d5 9. Qd3 dxc4 10. Qxc4 a5 11. Rd1 c6 12. e5 Ng4 13. e6 Qb6+ 14. Nd4 Ndf6 15. exf7+ Rxf7 16. h3 Nh6 17. Re1 Bc5 18. Be3 Nf5 19. Nxf5 Bxf5 20. Bxc5 Qa6 21. Qxa6 Rxa6 22. Re2 Ra8 23. Rd1 h6 24. Red2 Nd7 25. Bf2 Rf6 26. g4 Be6 27. f5 Ne5 28. Rd8+ Rxd8 29. Rxd8+ Kh7 30. fxe6 Rxe6 31. Bd4 Nf3+ 32. Kf2 Nxd4 33. Rxd4 Kg6 34. Re4 Rd6 35. Ke3 b5 36. a3 Kg5 37. Re5+ Kf6 38. Rf5+ Kg6 39. Ne2 Kh7 40. Nd4 Kg6 41. Re5 Kf6 42. Rf5+ Kg6 43. h4 Kh7 44. h5 Kg8 45. c4 1-0

[Event "Wuertemberg-ch U10"]
[Site "Germany"]
[Date "2004.04.17"]
[Round "7"]
[White "Marquardt, Patrick"]
[Black "Kreiter, Thomas"]
[Result "1-0"]
[WhiteElo "1086"]
[BlackElo "988"]
[PlyCount "73"]
[EventDate "2004.04.??"]
[EventType "swiss"]
[EventRounds "7"]
[EventCountry "GER"]
[SourceTitle "EXT 2005"]
[Source "ChessBase"]
[SourceDate "2004.11.15"]
[SourceVersion "1"]
[SourceVersionDate "2004.11.15"]
[SourceQuality "1"]

1. e4 e5 2. Nf3 Nc6 3. Bc4 Be7 4. 0-0 Nf6 5. Nc3 d6 6. h3 Na5 7. Bb3 Nxb3 8. axb3 0-0 9. d4 exd4 10. Nxd4 c5 11. Nf3 b6 12. Bf4 Bb7 13. Qd3 d5 14. exd5 Nxd5 15. Nxd5 Qxd5 16. Qe3 Rfe8 17. Rad1 Bf6 18. Rxd5 Rxe3 19. fxe3 Bxd5 20. Rb1 Rd8 21. Rd1 Bxf3 22. Rxd8+ Bxd8 23. gxf3 Bf6 24. c3 b5 25. Bd6 c4 26. bxc4 bxc4 27. f4 g5 28. Kg2 Kg7 29. Kf3 gxf4 30. Bxf4 Bh4 31. Ke4 Kf6 32. Kd5 Kf5 33. Kxc4 Be7 34. Kd5 a5 35. c4 a4 36. c5 a3 37. bxa3 1-0

[Event "Wuertemberg-ch U10"]
[Site "Germany"]
[Date "2004.04.14"]
[Round "3"]
[White "Kreiter, Thomas"]
[Black "Lebeda, Lukas"]
[Result "1-0"]
[WhiteElo "988"]
[BlackElo "860"]
[PlyCount "79"]
[EventDate "2004.04.??"]
[EventType "swiss"]
[EventRounds "7"]
[EventCountry "GER"]
[SourceTitle "EXT 2005"]
[Source "ChessBase"]
[SourceDate "2004.11.15"]
[SourceVersion "1"]
[SourceVersionDate "2004.11.15"]
[SourceQuality "1"]

1. e4 c5 2. Nf3 d6 3. d4 cxd4 4. Nxd4 g6 5. Bc4 Bg7 6. Nc3 Nf6 7. Bg5 0-0 8. 0-0 Nc6 9. Nxc6 bxc6 10. Re1 Qc7 11. Qd2 Ng4 12. h3 Ne5 13. Bb3 e6 14. f4 Nd7 15. Rad1 d5 16. e5 Qb6+ 17. Qd4 Qxd4+ 18. Rxd4 Nc5 19. Be7 Nxb3 20. axb3 Re8 21. Bd6 Bf8 22. Bxf8 Kxf8 23. Na4 Bd7 24. Nc5 Bc8 25. Ra1 Kg7 26. Rda4 Re7 27. g4 h6 28. h4 f6 29. exf6+ Kxf6 30. g5+ hxg5 31. fxg5+ Kf5 32. Rf1+ Ke5 33. Raa1 Kd6 34. b4 e5 35. Rf6+ Kc7 36. Rxg6 Bf5 37. Rf6 Bxc2 38. g6 Ree8 39. Rf7+ Kb6 40. Rb7# 1-0